| 000 | 01229cam a22003131i 4500 | ||
|---|---|---|---|
| 003 | SA-RiAUC | ||
| 005 | 20250807064516.0 | ||
| 008 | 250806s1987 ku f b 00000 ara c | ||
| 040 |
_aSA-RiAUC _bara _cSA-RiAUC _erda |
||
| 050 | 4 | _b.B34 1987 | |
| 050 | 1 | 0 | _b. B34 1987 |
| 082 | 0 | 4 |
_a257.1 _qSA-RiAUC |
| 090 |
_a257.1 _bب غ د |
||
| 100 | 1 |
_aالبغدادي، أحمد مبارك _eمؤلف. |
|
| 245 | 1 | 0 |
_aدراسات في السياسة الشرعية عند فقهاء أهل السنة / _cأحمد مبارك البغدادي. |
| 250 | _aالطبعة الأولى. | ||
| 264 | 1 |
_aالكويت : _bمكتبة الفلاح للنشر والتوزيع، _c1987 |
|
| 300 |
_a322 صفحة ؛ _c24 سم |
||
| 336 |
_aنص _btxt _2rdacontent _3كتاب |
||
| 337 |
_aبدون وسيط _bn _2rdamedia |
||
| 338 |
_aمجلد _bnc _2rdacarrier |
||
| 504 | _aببليوجرافية : صفحة 317-319. | ||
| 504 | _aيشتمل على إرجاعات ببليوجرافية. | ||
| 590 | _aحمد. | ||
| 650 | 7 |
_aالنظام السياسي في الإسلام _2aucsh |
|
| 650 | 7 |
_aنظم الحكم في الإسلام _2aucsh |
|
| 942 |
_2ddc _cBOOK _n0 |
||
| 949 |
_aSA-JeALM _d250806 _umohamedma123 _n1 |
||
| 999 |
_c10611 _d10611 |
||